[Event "Stay Safe Play From Home 219"]
[Site "T#646719Emanuel Laske"]
[Date "2020.06.11"]
[Round "7"]
[White "Dukic"]
[Black "Greblah"]
[Result "0-1"]
[WhiteElo "1887"]
[BlackElo "1838"]
[Annotator "NA RC"]
[PlyCount "64"]
[EventDate "2020.06.11"]
[EventType "swiss (blitz)"]

1. c4 {[%emt 0:00:04]} c6 {[%emt 0:00:00]} 2. Nc3 {[%emt 0:00:02]} d5 {[%emt 0:00:00]} 3. cxd5 {[%emt 0:00:01]} cxd5 {[%emt 0:00:01]} 4. d4 {[%emt 0:00:00]} Nc6 {[%emt 0:00:01]} 5. Nf3 {[%emt 0:00:00]} Nf6 {[%emt 0:00:02]} 6. Bf4 {[%emt 0:00:01]} e6 {[%emt 0:00:01]} 7. e3 {[%emt 0:00:01]} Bd6 {[%emt 0:00:01]} 8. Bg5 {[%emt 0:00:02]} O-O {[%emt 0:00:03]} 9. Bd3 {[%emt 0:00:01]} Be7 {[%emt 0:00:04]} 10. O-O {[%emt 0:00:01]} a6 {[%emt 0:00:01]} 11. Rc1 {[%emt 0:00:02]} Bd7 {[%emt 0:00:01]} 12. Qe2 {[%emt 0:00:01]} b5 {[%emt 0:00:01]} 13. a4 {[%emt 0:00:03]} bxa4 {[%emt 0:00:05]} 14. Nxa4 {[%emt 0:00:01]} Nb4 {[%emt 0:00:06]} 15. Nc5 {[%emt 0:00:06]} Nxd3 {[%emt 0:00:04]} 16. Qxd3 {[%emt 0:00:02]} Bb5 {[%emt 0:00:03]} 17. Qc2 {[%emt 0:00:14]} Bxf1 {[%emt 0:00:06]} 18. Rxf1 {[%emt 0:00:04]} Rc8 {[%emt 0:00:09]} 19. Ra1 {[%emt 0:00:05]} a5 {[%emt 0:00:02]} 20. Ne5 {[%emt 0:00:10]} h6 {[%emt 0:00:16]} 21. Bh4 {[%emt 0:00:03]} g5 {[%emt 0:00:03]} 22. Bg3 {[%emt 0:00:02]} Ne4 {[%emt 0:00:01]} 23. f3 {[%emt 0:00:34]} Nxc5 {[%emt 0:00:02]} 24. dxc5 {[%emt 0:00:03]} Rxc5 {[%emt 0:00:01]} 25. Qd2 {[%emt 0:00:03]} Bd6 {[%emt 0:00:11]} 26. Nd3 {[%emt 0:00:06]} Rb5 {[%emt 0:00:05]} 27. Bxd6 {[%emt 0:00:04]} Qxd6 {[%emt 0:00:01]} 28. Rxa5 {[%emt 0:00:02]} Rfb8 {[%emt 0:00:09]} 29. Rxb5 {[%emt 0:00:02]} Rxb5 {[%emt 0:00:01]} 30. Qc3 {[%emt 0:00:01]} Qb6 {[%emt 0:00:08]} 31. Qf6 {[%emt 0:00:04]} Qxe3+ {[%emt 0:00:04]} 32. Nf2 {[%emt 0:00:11]} Qe1# {[%emt 0:00:03] (Lag: Av=0.25s, max=0.4s)} 0-1

[Event "Stay Safe Play From Home 219"]
[Site "T#646719Emanuel Laske"]
[Date "2020.06.11"]
[Round "7"]
[White "Fingerfehler1"]
[Black "Weltszmerc"]
[Result "0-1"]
[WhiteElo "1657"]
[BlackElo "2125"]
[Annotator "TA"]
[PlyCount "70"]
[EventDate "2020.06.11"]
[EventType "swiss (blitz)"]

{[%evp 10,70,16,6,8,8,20,-3,-3,-18,14,0,0,0,0,-116,-114,-122,-119,-276,-179,-183,-183,-182,-166,-167,-133,-160,-31,-276,-218,-197,-193,-259,-219,-275,-287,-303,-286,-284,-294,-306,-288,-299,-307,-314,-298,-720,-691,-675,-611,-666,-659,-766,-804,-787,-787,-1028,-1028,-1028,-1003,-978,-920]} 1. e4 Nf6 2. e5 Nd5 3. d4 d6 4. Bc4 Nb6 5. Bb3 Bf5 6. Nf3 e6 {B03: Alekhine's Defence: Four Pawns Attack.} 7. Bg5 Qd7 {[#]} 8. Nc3 $146 ({Predecessor:} 8. exd6 cxd6 9. a4 h6 10. Be3 d5 11. Ne5 Qc7 12. Bf4 Bd6 13. Nc3 a6 14. a5 {½-½ (26) Trzaska,P (2183)-Kopylov,M (2428) Gelsenkirchen 2000}) 8... h6 {The position is equal.} 9. Bf4 Be7 10. O-O d5 11. Ne2 c5 12. c4 (12. c3 $11 {keeps the balance.}) 12... dxc4 $17 13. Bc2 Bg4 14. Nc3 $2 {[#]} (14. dxc5 $17 {was called for.} Bxc5 15. Be4) 14... cxd4 15. Qxd4 Bxf3 16. Qxd7+ N8xd7 17. gxf3 O-O 18. Kh1 Nd5 ({Black should play} 18... Rfd8 $17 {...Nc5 is the strong threat.} 19. Rg1 Kh8) 19. Bc1 $2 ({White must play} 19. Nxd5 $15 exd5 20. Rfd1) 19... Nxc3 20. bxc3 Nxe5 21. f4 (21. Be4 $142) 21... Ng4 22. f3 Nf6 23. Rg1 Bc5 24. Rg2 Kh8 25. f5 exf5 26. Bxf5 Rfe8 {[#] ( -> ...Re1+)} 27. Bf4 b6 28. Rag1 $2 (28. Bh3) 28... Bxg1 $19 {Black is clearly winning.} 29. Rxg1 g5 30. Bc1 Re5 31. Bb1 Rae8 32. Ba3 Re1 33. Be4 Rxg1+ 34. Kxg1 Nxe4 35. fxe4 Rxe4 {Accuracy: White = 35%, Black = 70%.} 0-1

[Event "Stay Safe Play From Home 219"]
[Site "T#646719Emanuel Laske"]
[Date "2020.06.11"]
[Round "7"]
[White "Timbre"]
[Black "Little champs"]
[Result "0-1"]
[WhiteElo "1653"]
[BlackElo "2112"]
[Annotator "TA"]
[PlyCount "60"]
[EventDate "2020.06.11"]
[EventType "swiss (blitz)"]

{[%evp 10,60,15,0,8,0,0,0,0,-5,8,-3,-4,-12,-19,-52,-11,-72,-84,-83,-26,-110,-114,-114,-106,-114,-54,-101,-35,-62,-27,-74,-37,-50,-29,-81,-80,-109,-86,-105,-89,-129,-154,-1836,-1769,-1893,-1866,-1751,-1739,-29996,-29987,-29989,-29990]} 1. d4 c6 2. Nf3 d5 3. c3 Nf6 4. Bf4 Bf5 5. e3 e6 6. Bd3 Bd6 {D02: 1 d4 d5 2 Nf3 sidelines, including 2...Nf6 3 g3 and 2...Nf6 3 Bf4.} 7. Bxf5 exf5 8. Bxd6 Qxd6 {[#] The position is equal.} 9. Ne5 $146 ({Predecessor:} 9. Nbd2 Nbd7 10. Qc2 g6 11. a3 Nb6 12. c4 dxc4 13. Nxc4 Nxc4 14. Qxc4 Qd5 15. Rc1 {1-0 (70) Guevorkian,S (1900)-Minchili,F (1670) Loire 2009}) 9... Nfd7 10. Nxd7 Nxd7 11. Qe2 O-O 12. Nd2 Rae8 13. Nf3 (13. g3 $11) 13... f4 $17 14. O-O Re6 (14... fxe3 $17 15. fxe3 Re7) 15. Qd2 (15. Ng5 $11 {keeps the balance.} Re7 16. Qc2) 15... fxe3 16. fxe3 Rfe8 17. Rae1 h6 (17... Qe7 $17 18. Qf2 Rxe3 19. Rxe3 Qxe3) 18. Qf2 Rf6 (18... Qe7 $17) 19. Qd2 Re4 20. a3 b6 21. Re2 c5 22. dxc5 (22. Rd1 $11) 22... bxc5 23. Ref2 Qe6 24. Re1 Nb6 $36 {[%cal Bd7b6,Bb6c4,Bc4d2][%mdl 2080] Black is on the roll.} 25. b4 Nc4 {[%mdl 64] [#] Double Attack} 26. bxc5 $2 {White does not recover from this.} (26. Qd3 $17) 26... Nxd2 $19 27. Rxd2 Rxe3 28. Rxe3 Qxe3+ {[%mdl 64] Double Attack} 29. Kh1 Rxf3 30. gxf3 Qxd2 {Accuracy: White = 39%, Black = 54%.} 0-1

[Event "Stay Safe Play From Home 219"]
[Site "T#646719Emanuel Laske"]
[Date "2020.06.11"]
[Round "7"]
[White "Matze69"]
[Black "Germanicus G"]
[Result "1-0"]
[WhiteElo "1260"]
[BlackElo "1557"]
[Annotator "NA RC"]
[PlyCount "53"]
[EventDate "2020.06.11"]
[EventType "swiss (blitz)"]

1. e4 {[%emt 0:00:03]} e6 {[%emt 0:00:02]} 2. Nf3 {[%emt 0:00:02]} d5 {[%emt 0:00:01]} 3. Nc3 {[%emt 0:00:04]} Nf6 {[%emt 0:00:10]} 4. d4 {[%emt 0:00:02]} dxe4 {[%emt 0:00:03]} 5. Ng5 {[%emt 0:00:09]} c5 {[%emt 0:00:06]} 6. Be3 {[%emt 0:00:08]} cxd4 {[%emt 0:00:06]} 7. Bxd4 {[%emt 0:00:05]} Be7 {[%emt 0:00:06]} 8. Ngxe4 {[%emt 0:00:05]} O-O {[%emt 0:00:03]} 9. Bd3 {[%emt 0:00:08]} Nc6 {[%emt 0:00:02]} 10. Bxf6 {[%emt 0:00:02]} Bxf6 {[%emt 0:00:04]} 11. Qd2 {[%emt 0:00:07]} b6 {[%emt 0:00:26]} 12. O-O-O {[%emt 0:00:02]} Bb7 {[%emt 0:00:03]} 13. Qf4 {[%emt 0:00:10]} Bxc3 {[%emt 0:00:38]} 14. Nxc3 {[%emt 0:00:04]} Qf6 {[%emt 0:00:05]} 15. Qg3 {[%emt 0:00:06]} Qe5 {[%emt 0:00:34]} 16. Qh3 {[%emt 0:00:05]} g6 {[%emt 0:00:01]} 17. Rhe1 {[%emt 0:00:06]} Qf4+ {[%emt 0:00:09]} 18. Kb1 {[%emt 0:00:14]} Nb4 {[%emt 0:00:09]} 19. Re4 {[%emt 0:00:06]} Bxe4 {[%emt 0:00:03]} 20. Bxe4 {[%emt 0:00:06]} Rad8 {[%emt 0:00:02]} 21. Re1 {[%emt 0:00:05]} Qxf2 {[%emt 0:00:03]} 22. Qg3 {[%emt 0:00:19]} Rd2 {[%emt 0:00:00]} 23. Qxf2 {[%emt 0:00:06]} Rxf2 {[%emt 0:00:00]} 24. Rd1 {[%emt 0:00:07]} Nd5 {[%emt 0:00:00]} 25. Bxd5 {[%emt 0:00:02]} exd5 {[%emt 0:00:00]} 26. Nxd5 {[%emt 0:00:02]} Kg7 {[%emt 0:00:03]} 27. a3 {[%emt 0:00:02] Zeit (Lag: Av=0.82s, max=1.2s) '} 1-0

[Event "Stay Safe Play From Home 219"]
[Site "T#646719Emanuel Laske"]
[Date "2020.06.11"]
[Round "8"]
[White "Lazieri3"]
[Black "Don59as"]
[Result "1-0"]
[WhiteElo "2156"]
[BlackElo "2002"]
[Annotator "NA RC"]
[PlyCount "79"]
[EventDate "2020.06.11"]
[EventType "swiss (blitz)"]

1. e3 {[%emt 0:00:01]} d5 {[%emt 0:00:01]} 2. d4 {[%emt 0:00:00]} e6 {[%emt 0:00:01]} 3. c4 {[%emt 0:00:00]} Nf6 {[%emt 0:00:01]} 4. cxd5 {[%emt 0:00:00]} exd5 {[%emt 0:00:02]} 5. Nc3 {[%emt 0:00:00]} c6 {[%emt 0:00:00]} 6. Nf3 {[%emt 0:00:00]} Bd6 {[%emt 0:00:01]} 7. Bd3 {[%emt 0:00:00]} O-O {[%emt 0:00:01]} 8. O-O {[%emt 0:00:00]} Re8 {[%emt 0:00:01]} 9. h3 {[%emt 0:00:00]} h6 {[%emt 0:00:02]} 10. Re1 {[%emt 0:00:01]} Be6 {[%emt 0:00:03]} 11. e4 {[%emt 0:00:02]} dxe4 {[%emt 0:00:02]} 12. Nxe4 {[%emt 0:00:00]} Nxe4 {[%emt 0:00:03]} 13. Bxe4 {[%emt 0:00:01]} Nd7 {[%emt 0:00:05]} 14. Bd2 {[%emt 0:00:07]} Nf6 {[%emt 0:00:01]} 15. Bc2 {[%emt 0:00:03]} Qc8 {[%emt 0:00:05]} 16. Ne5 {[%emt 0:00:08]} Bxh3 {[%emt 0:00:19]} 17. gxh3 {[%emt 0:00:00]} Qxh3 {[%emt 0:00:01]} 18. Qf3 {[%emt 0:00:03]} Qh4 {[%emt 0:00:20]} 19. Bc3 {[%emt 0:00:05]} Bxe5 {[%emt 0:00:16]} 20. dxe5 {[%emt 0:00:09]} Ng4 {[%emt 0:00:01]} 21. Qg3 {[%emt 0:00:03]} Qxg3+ {[%emt 0:00:14]} 22. fxg3 {[%emt 0:00:01]} Rad8 {[%emt 0:00:05]} 23. Bf5 {[%emt 0:00:15]} h5 {[%emt 0:00:04]} 24. Bxg4 {[%emt 0:00:01]} hxg4 {[%emt 0:00:00]} 25. Rad1 {[%emt 0:00:02]} b5 {[%emt 0:00:08]} 26. Rxd8 {[%emt 0:00:02]} Rxd8 {[%emt 0:00:00]} 27. e6 {[%emt 0:00:01]} fxe6 {[%emt 0:00:01]} 28. Rxe6 {[%emt 0:00:02]} c5 {[%emt 0:00:02]} 29. Re7 {[%emt 0:00:02]} b4 {[%emt 0:00:02]} 30. Bxg7 {[%emt 0:00:07]} Rd2 {[%emt 0:00:05]} 31. Rxa7 {[%emt 0:00:03]} c4 {[%emt 0:00:04]} 32. Rc7 {[%emt 0:00:05]} Rd3 {[%emt 0:00:04]} 33. Be5 {[%emt 0:00:02]} Re3 {[%emt 0:00:06]} 34. Bf4 {[%emt 0:00:09]} Re4 {[%emt 0:00:04]} 35. Kf2 {[%emt 0:00:03]} Rd4 {[%emt 0:00:03]} 36. Rb7 {[%emt 0:00:05]} c3 {[%emt 0:00:02]} 37. bxc3 {[%emt 0:00:01]} bxc3 {[%emt 0:00:02]} 38. Rc7 {[%emt 0:00:04]} Rd3 {[%emt 0:00:03]} 39. a4 {[%emt 0:00:03]} Kf8 {[%emt 0:00:04]} 40. a5 {[%emt 0:00:01] Don59as resigns (Lag: Av=0.54s, max=1.0s)} 1-0

[Event "Stay Safe Play From Home 219"]
[Site "T#646719Emanuel Laske"]
[Date "2020.06.11"]
[Round "8"]
[White "Weltszmerc"]
[Black "Indianquant"]
[Result "1/2-1/2"]
[WhiteElo "2127"]
[BlackElo "2340"]
[Annotator "TA"]
[PlyCount "124"]
[EventDate "2020.06.11"]
[EventType "swiss (blitz)"]

{[%evp 22,124,48,35,41,39,49,46,58,28,35,18,25,30,43,0,16,14,20,-33,27,24,23,0,0,0,52,10,55,54,64,64,67,67,118,22,121,111,150,157,280,245,253,80,70,88,257,230,997,179,1005,0,54,0,0,0,0,-25,-25,-23,-18,-235,563,563,532,554,29969,641,12849,8380,6597,6114,5289,1541,1101,1390,6175,0,0,0,0,0,23,23,23,23,23,13,20,12,12,0,0,0,0,0,0,0,0,0,0,0,0,0,0]} 1. d4 Nf6 2. c4 e6 3. Nf3 c5 4. d5 exd5 5. cxd5 d6 6. Nc3 g6 7. e4 a6 8. a4 {[%cal Ba2a4,Ba4a5][%mdl 32]} Bg4 9. Be2 Bxf3 10. Bxf3 Bg7 11. Bf4 O-O 12. O-O Re8 {A75: Modern Benoni: Classical: 9...a6 10 a4 Bg4.} 13. a5 Qc7 14. Ra4 Nbd7 {[#] White is slightly better.} 15. h3 $146 ({Predecessor:} 15. Qc2 h5 16. Nb1 b5 17. axb6 Nxb6 18. Ra2 Qe7 19. Nd2 Nfd7 20. Rfa1 Bd4 21. Nb3 Nxd5 {0-1 (49) Skembris,S (2455)-Psakhis,L (2575) Novi Sad 1990}) 15... Rab8 16. Re1 b5 17. axb6 $1 Rxb6 18. b3 Ne5 19. Be2 Nfd7 20. Rxa6 ({White should try} 20. Na2 $11) 20... Nf3+ (20... Rxa6 $15 21. Bxa6 Qa5) 21. gxf3 $11 Bxc3 22. Rf1 $36 {[%mdl 2048] White is pushing.} Rxa6 23. Bxa6 Qb6 (23... Nf6 $11) 24. Bc4 Ne5 25. Bg3 Qb4 26. Qe2 Bd4 27. Kg2 Qc3 (27... g5 $14) 28. Rd1 (28. f4 $16 Nxc4 29. bxc4) 28... Ra8 (28... g5 $1 $11 {keeps the balance.}) 29. f4 $1 $16 {[%cal Rf4e5]} Nxc4 30. bxc4 ({Resist} 30. Qxc4 $6 Qb2 $11) 30... Rb8 (30... Qa5 $16 {is a better defense.} 31. e5 Re8) 31. e5 $1 $18 Rb2 32. Qf3 $2 (32. Qd3 $18) 32... Qxc4 $16 33. exd6 f5 $2 (33... Bf6 $16) 34. d7 $18 Rb8 $2 (34... Bf6 35. Qe3 Kg7) 35. d6 $2 (35. Bh4 Kf7 36. d8=Q Rxd8 37. Bxd8) 35... Rd8 $2 (35... Bf6) 36. Qb7 $2 (36. Bh4 $18 Rxd7 37. Qa8+ Kg7 38. Re1) 36... Qf7 ({Black should play} 36... Qe6 $11) 37. Re1 (37. Bh4 $14 Rxd7 {[%mdl 64] Double Attack} 38. Qc8+ Kg7 39. Be7 Rxd6 {[%mdl 64] Decoy} 40. Bxd6 Qd5+ {[%mdl 64] Double Attack} 41. Kg3 Qxd6 42. Qb7+ Kh6 43. Qf3) 37... Qxd7 $11 38. Qd5+ Qf7 39. Re6 {[#]} Bf6 $1 {[%mdl 576] Pin} 40. f3 (40. Rxf6 Qxd5+) 40... Kg7 {And now ...Re8 would win.} 41. Bf2 $2 (41. Re5 $1 $11 {and White is okay.}) 41... c4 $4 {[%mdl 8192]} (41... Re8 $19 {and all is fine.} 42. Re5 Bxe5) 42. Bd4 $18 Bxd4 43. Qxd4+ {[%mdl 4096] Endgame KQR-KQR} Kg8 44. Qxc4 (44. Qe5 $142 g5 45. Re7 Qg6 46. d7 gxf4+ 47. Kf1 Qf7 48. Re8+ {[%mdl 64] Double Attack} Qf8 49. Qe7 $1 {[%mdl 576] Pin}) 44... Rd7 45. Qc8+ Kg7 {[#]} 46. Qc3+ $1 Kh6 47. Qe5 {Threatens to win with Re7.} Ra7 48. Kg3 {White wants to mate with Re7.} Ra2 49. Qf6 $2 (49. Re7 $18 Qf8 50. d7) 49... Qxf6 $11 50. Rxf6 {KR-KR} Kg7 51. Re6 Rd2 52. Re7+ Kf6 53. Rxh7 Rxd6 54. h4 Rd1 {The position is equal.} 55. h5 Rh1 56. Rh6 (56. hxg6 {keeps more tension.} Rg1+ 57. Kf2 Rxg6 58. Ra7 Rg8 59. Ra6+) 56... Rxh5 57. Rxh5 gxh5 {KPP-KPP} 58. Kh3 Kg6 59. Kh4 Kh6 60. Kh3 Kg6 61. Kg3 Kh6 62. Kh3 Kg6 {Blacks defense is rewarded with a draw. Accuracy: White = 58%, Black = 49%.} 1/2-1/2

[Event "Stay Safe Play From Home 219"]
[Site "T#646719Emanuel Laske"]
[Date "2020.06.11"]
[Round "8"]
[White "Little champs"]
[Black "Haxhi Baha"]
[Result "1-0"]
[WhiteElo "2115"]
[BlackElo "1966"]
[Annotator "TA"]
[PlyCount "91"]
[EventDate "2020.06.11"]
[EventType "swiss (blitz)"]

{[%evp 9,91,14,24,11,17,25,97,24,52,38,49,51,54,54,56,39,35,21,10,0,6,-21,5,-10,4,4,22,0,0,0,0,-14,-9,-16,0,-86,-48,-84,0,-13,0,0,0,0,0,0,0,-33,0,0,0,0,0,0,0,-10,0,-1,0,0,0,0,162,157,140,0,0,0,1429,1327,29965,29964,29959,5310,29971,29974,29980,29981,29981,29982,29982,29983,29993,29985]} 1. d4 d5 2. e3 Bf5 3. Bd3 Bxd3 4. cxd3 c6 5. Nc3 Nf6 {[#]} 6. Nge2 $146 {D00: 1 d4 d5: Unusual lines.} ({Predecessor:} 6. f4 e6 7. Nf3 Be7 8. O-O O-O 9. Kh1 c5 10. dxc5 Bxc5 11. d4 Bb4 12. Bd2 Bxc3 13. Bxc3 {0-1 (33) Peterson,E (2165)-Heinz,A (2435) Germany 2017}) 6... Nbd7 7. e4 e5 (7... e6 $11) 8. exd5 (8. dxe5 $16 Nxe5 9. d4) 8... cxd5 9. O-O Bd6 10. dxe5 Bxe5 11. d4 Bd6 12. h3 O-O 13. Nf4 Nb6 14. Nd3 Rc8 15. Ne5 Nc4 16. Nxc4 Rxc4 17. Bg5 Be7 18. Rc1 h6 19. Bh4 Qd7 20. Qd3 Rfc8 21. Rfe1 Bd8 22. Rcd1 (22. b3 $11 {remains equal.} R4c6 23. Ne2) 22... b5 23. a3 {[#]} a5 (23... g5 $1 $17 {[%cal Rg5h4]} 24. Bg3 Ba5) 24. Qf3 g5 25. Bg3 b4 26. axb4 axb4 27. Ne2 Ne4 28. Bh2 Bc7 29. Bxc7 R8xc7 30. Ng3 Nxg3 31. Qxg3 Rc2 32. Rd3 Rc1 33. Rde3 Rxe1+ 34. Rxe1 $11 {[%mdl 4096] Endgame KQR-KQR} Rc2 35. h4 f6 $2 (35... Qc7 $11 {and Black has nothing to worry.}) 36. hxg5 hxg5 {[#]} 37. Qb8+ (37. f4 $1 $16) 37... Kg7 38. Qxb4 {Strongly threatening Re7+.} Qc7 $2 {[%mdl 8192]} (38... Kg6 $11) 39. Re7+ $18 Qxe7 40. Qxe7+ {KQ-KR} Kg6 41. b4 (41. Qe8+ $142 Kf5 42. Qd7+ Kg6 43. b3 Kh6 44. Qxd5 Ra2 45. Qf7 Rb2 46. Qxf6+ Kh5 47. d5 Rb1+ 48. Kh2) 41... Rc4 42. b5 {[%cal Bb4b5,Bb5b6,Bb6b7][%mdl 32] White mates.} Rxd4 43. b6 Rd1+ 44. Kh2 Rb1 45. b7 d4 46. Qe8+ {Accuracy: White = 78%, Black = 64%.} 1-0

[Event "Stay Safe Play From Home 219"]
[Site "T#646719Emanuel Laske"]
[Date "2020.06.11"]
[Round "8"]
[White "matanant"]
[Black "Timbre"]
[Result "0-1"]
[WhiteElo "1848"]
[BlackElo "1651"]
[Annotator "NA RC"]
[PlyCount "84"]
[EventDate "2020.06.11"]
[EventType "swiss (blitz)"]

1. e4 {[%emt 0:00:05]} c6 {[%emt 0:00:02]} 2. d4 {[%emt 0:00:01]} d5 {[%emt 0:00:01]} 3. e5 {[%emt 0:00:01]} Bf5 {[%emt 0:00:02]} 4. f4 {[%emt 0:00:02]} e6 {[%emt 0:00:02]} 5. Bd3 {[%emt 0:00:01]} Bxd3 {[%emt 0:00:03]} 6. Qxd3 {[%emt 0:00:00]} Qh4+ {[%emt 0:00:03]} 7. g3 {[%emt 0:00:01]} Qh5 {[%emt 0:00:02]} 8. Nf3 {[%emt 0:00:06]} Qg6 {[%emt 0:00:02]} 9. Qb3 {[%emt 0:00:06]} b6 {[%emt 0:00:02]} 10. O-O {[%emt 0:00:02]} Nd7 {[%emt 0:00:02]} 11. c4 {[%emt 0:00:03]} Ne7 {[%emt 0:00:03]} 12. Be3 {[%emt 0:00:03]} dxc4 {[%emt 0:00:03]} 13. Qxc4 {[%emt 0:00:02]} Rc8 {[%emt 0:00:02]} 14. Nbd2 {[%emt 0:00:03]} Nd5 {[%emt 0:00:01]} 15. Bf2 {[%emt 0:00:04]} Be7 {[%emt 0:00:02]} 16. a3 {[%emt 0:00:11]} Nxf4 {[%emt 0:00:04]} 17. Kh1 {[%emt 0:00:06]} Nh3 {[%emt 0:00:05]} 18. Be3 {[%emt 0:00:04]} O-O {[%emt 0:00:07]} 19. b4 {[%emt 0:00:02]} c5 {[%emt 0:00:07]} 20. dxc5 {[%emt 0:00:06]} bxc5 {[%emt 0:00:02]} 21. b5 {[%emt 0:00:07]} Nb6 {[%emt 0:00:03]} 22. Qh4 {[%emt 0:00:03]} Bxh4 {[%emt 0:00:05]} 23. Nxh4 {[%emt 0:00:01]} Qd3 {[%emt 0:00:04]} 24. Ng2 {[%emt 0:00:04]} Nd5 {[%emt 0:00:04]} 25. Bxc5 {[%emt 0:00:30]} Rxc5 {[%emt 0:00:05]} 26. Nf3 {[%emt 0:00:03]} Rc2 {[%emt 0:00:08]} 27. Rae1 {[%emt 0:00:14]} Re2 {[%emt 0:00:07]} 28. Rd1 {[%emt 0:00:03]} Qc2 {[%emt 0:00:07]} 29. Rc1 {[%emt 0:00:21]} Qa2 {[%emt 0:00:06]} 30. Ra1 {[%emt 0:00:01]} Qc4 {[%emt 0:00:06]} 31. Rac1 {[%emt 0:00:03]} Qg4 {[%emt 0:00:02]} 32. Ng1 {[%emt 0:00:08]} Nxg1 {[%emt 0:00:03]} 33. Kxg1 {[%emt 0:00:01]} Ne3 {[%emt 0:00:02]} 34. Nxe3 {[%emt 0:00:02]} Rxe3 {[%emt 0:00:01]} 35. Rf4 {[%emt 0:00:01]} Qe2 {[%emt 0:00:02]} 36. Rcf1 {[%emt 0:00:00]} Rxe5 {[%emt 0:00:02]} 37. R4f2 {[%emt 0:00:01]} Qxb5 {[%emt 0:00:02]} 38. Kg2 {[%emt 0:00:01]} Rf5 {[%emt 0:00:01]} 39. Rf4 {[%emt 0:00:02]} Rxf4 {[%emt 0:00:02]} 40. Rxf4 {[%emt 0:00:00]} Qd5+ {[%emt 0:00:02]} 41. Kh3 {[%emt 0:00:00]} Rc8 {[%emt 0:00:01]} 42. Rb4 {[%emt 0:00:01]} h6 {[%emt 0:00:02] Time (Lag: Av=0.76s, max=1.1s)} 0-1

[Event "Stay Safe Play From Home 219"]
[Site "T#646719Emanuel Laske"]
[Date "2020.06.11"]
[Round "8"]
[White "Klasman"]
[Black "Matze69"]
[Result "0-1"]
[WhiteElo "1696"]
[BlackElo "1289"]
[Annotator "NA RC"]
[PlyCount "52"]
[EventDate "2020.06.11"]
[EventType "swiss (blitz)"]

1. f4 {[%emt 0:00:08]} d6 {[%emt 0:00:05]} 2. e4 {[%emt 0:00:02]} e5 {[%emt 0:00:02]} 3. Nf3 {[%emt 0:00:01]} Bg4 {[%emt 0:00:02]} 4. Bc4 {[%emt 0:00:05]} Nc6 {[%emt 0:00:02]} 5. Bxf7+ {[%emt 0:00:02]} Kd7 {[%emt 0:00:10]} 6. fxe5 {[%emt 0:00:24]} Nxe5 {[%emt 0:00:03]} 7. Nxe5+ {[%emt 0:00:01]} dxe5 {[%emt 0:00:06]} 8. Qxg4+ {[%emt 0:00:02]} Kc6 {[%emt 0:00:05]} 9. Qe6+ {[%emt 0:00:07]} Bd6 {[%emt 0:00:09]} 10. Qd5+ {[%emt 0:00:11]} Kd7 {[%emt 0:00:03]} 11. Be6+ {[%emt 0:00:06]} Ke8 {[%emt 0:00:04]} 12. Bxg8 {[%emt 0:00:03]} Qh4+ {[%emt 0:00:06]} 13. g3 {[%emt 0:00:07]} Qe7 {[%emt 0:00:05]} 14. O-O {[%emt 0:00:06]} c5 {[%emt 0:00:07]} 15. Rf7 {[%emt 0:00:10]} Qd8 {[%emt 0:00:09]} 16. Qxd6 {[%emt 0:00:12]} Qxd6 {[%emt 0:00:02]} 17. Rxg7 {[%emt 0:00:15]} Kf8 {[%emt 0:00:07]} 18. Rxh7 {[%emt 0:00:20]} Kxg8 {[%emt 0:00:03]} 19. Rxh8+ {[%emt 0:00:02]} Kxh8 {[%emt 0:00:02]} 20. Nc3 {[%emt 0:00:01]} Qd4+ {[%emt 0:00:03]} 21. Kg2 {[%emt 0:00:03]} Rf8 {[%emt 0:00:02]} 22. d3 {[%emt 0:00:09]} Qf2+ {[%emt 0:00:02]} 23. Kh3 {[%emt 0:00:01]} Qxc2 {[%emt 0:00:04]} 24. Bh6 {[%emt 0:00:09]} Rf2 {[%emt 0:00:04]} 25. Bg5 {[%emt 0:00:07]} Rxh2+ {[%emt 0:00:03]} 26. Kg4 {[%emt 0:00:01]} Qxd3 {[%emt 0:00:07] Time (Lag: Av=0.97s, max=1.1s) .} 0-1